[Event "LGA Premium Cup"]
[Site "schach.lga.de"]
[Date "2004.09.11"]
[Round "2"]
[White "Frank, Gerhard"]
[Black "Buchal, Werner"]
[Result "0-1"]
[WhiteElo "1507"]
[BlackElo "1791"]
[PlyCount "120"]
[EventDate "2004.09.11"]
[SourceDate "2004.09.10"]

1. e4 d6 2. d4 Nf6 3. Nc3 g6 4. Nf3 Bg7 5. Bd3 O-O 6. Bg5 Nc6 7. Qd2 Bg4 8. d5
Bxf3 9. gxf3 Ne5 10. Be2 c5 11. f4 Ned7 12. f5 a6 13. a4 Qb6 14. Rb1 Qb4 15. f3
Rfe8 16. Bh6 Ne5 17. Bxg7 Kxg7 18. h4 Rg8 19. Qg5 Kf8 20. Rg1 Ke8 21. Qh6 Kd7
22. Qf4 Qd4 23. Kf1 Nh5 24. Qh2 Qe3 25. Qf2 Qf4 26. b4 b6 27. bxc5 bxc5 28.
Rb7+ Kc8 29. Rxe7 Qc1+ 30. Nd1 Qa3 31. fxg6 hxg6 32. f4 Kd8 33. Rb7 Nd7 34.
Bxh5 Nf6 35. Bf3 Qxa4 36. Nc3 Qc4+ 37. Ne2 Nxe4 38. Bxe4 Qxe4 39. h5 Qxc2 40.
Rxf7 Qd2 41. Qe1 Qxd5 42. hxg6 Qf3+ 43. Qf2 Qh3+ 44. Qg2 Qxg2+ 45. Rxg2 a5 46.
Nc3 a4 47. Re2 a3 48. f5 Re8 49. Na2 Rxe2 50. Kxe2 Ke8 51. Kd3 Ra4 52. Rh7 Rf4
53. Rh5 Kf8 54. Ke3 Rg4 55. Kf3 Rg1 56. Ke3 Kg7 57. Ke4 Kf6 58. Rh3 Rg4+ 59.
Kd5 Rd4+ 60. Kc6 Rf4 0-1

[Event "LGA Premium Cup"]
[Site "schach.lga.de"]
[Date "2004.09.11"]
[Round "2"]
[White "Dehmel, Steffi"]
[Black "Riexinger, Martin"]
[Result "0-1"]
[WhiteElo "1791"]
[BlackElo "1422"]
[PlyCount "98"]
[EventDate "2004.09.11"]
[SourceDate "2004.09.10"]

1. e4 d6 2. d4 Nf6 3. Nc3 g6 4. Nf3 Bg7 5. Bd3 O-O 6. h3 Nbd7 7. O-O e5 8. Be3
Re8 9. dxe5 Nxe5 10. Nxe5 Rxe5 11. f4 Re8 12. Qf3 Nd7 13. Bc4 Rf8 14. Rad1 a6
15. Qf2 b6 16. Bd4 Bb7 17. Bxg7 Kxg7 18. e5 dxe5 19. fxe5 Qe8 20. e6 fxe6 21.
Qd4+ Nf6 22. Rde1 Qd8 23. Qxd8 Raxd8 24. Rxe6 Rde8 25. Rfe1 Rxe6 26. Rxe6 Re8
27. Rxe8 Nxe8 28. Bd5 Bxd5 29. Nxd5 Kf7 30. Kf2 Ke6 31. c4 b5 32. b3 Kd6 33.
Ke3 c6 34. Nc3 Nc7 35. cxb5 axb5 36. a4 bxa4 37. bxa4 Nd5+ 38. Nxd5 Kxd5 39. a5
Kc5 40. a6 Kb6 41. Kd4 Kxa6 42. Kc5 Kb7 43. g4 Kc7 44. g5 Kd7 45. h4 Ke6 46.
Kxc6 Kf5 47. Kd5 Kg4 48. Ke5 Kxh4 49. Kf6 Kh5 0-1

[Event "LGA Premium Cup"]
[Site "schach.lga.de"]
[Date "2004.09.11"]
[Round "2"]
[White "Rösch, Daniel"]
[Black "Elster, Sebastian"]
[Result "0-1"]
[WhiteElo "1473"]
[BlackElo "1790"]
[PlyCount "60"]
[EventDate "2004.09.11"]
[SourceDate "2004.09.10"]

1. e4 c5 2. c3 Nc6 3. d4 cxd4 4. cxd4 d6 5. Nc3 Nf6 6. Bg5 Qb6 7. Bxf6 gxf6 8.
Bb5 Bd7 9. Nf3 a6 10. Bxc6 Bxc6 11. Qd2 h5 12. Nh4 Bh6 13. f4 e6 14. g3 Bd7 15.
Rf1 Rc8 16. Rc1 Qa5 17. Ng2 b5 18. a3 Qb6 19. Ke2 Rc4 20. Rfd1 O-O 21. Ne3 Rc7
22. Ned5 exd5 23. Nxd5 Bg4+ 24. Ke3 Rxc1 25. Nxb6 Rxd1 26. Qc3 Re8 27. Nd5 Bg7
28. Nc7 Rc8 29. Qa5 f5 30. Nd5 Bxd4# 0-1

[Event "LGA Premium Cup"]
[Site "schach.lga.de"]
[Date "2004.09.11"]
[Round "2"]
[White "Schiller, Angel"]
[Black "Lingl, Peter"]
[Result "1-0"]
[WhiteElo "1794"]
[BlackElo "1393"]
[PlyCount "91"]
[EventDate "2004.09.11"]
[SourceDate "2004.09.10"]

1. e4 e5 2. Nf3 Nc6 3. Bb5 Nf6 4. d3 Bc5 5. h3 h6 6. c3 a6 7. Ba4 b5 8. Bc2 d6
9. O-O O-O 10. b4 Bb6 11. a4 Bb7 12. axb5 axb5 13. Rxa8 Bxa8 14. Na3 Qd7 15.
Nh4 Ne7 16. g4 Ng6 17. Nf5 d5 18. g5 dxe4 19. dxe4 Qxd1 20. Rxd1 Nxe4 21. Bxe4
Bxe4 22. Ng3 Bc6 23. gxh6 gxh6 24. Bxh6 Ra8 25. Bc1 Nh4 26. Nh5 f5 27. c4 Kf7
28. c5 Ba7 29. Nc2 f4 30. Ne1 Kg6 31. Nxf4+ exf4 32. Bxf4 Bb8 33. Nd3 Kf5 34.
Bg3 Nf3+ 35. Kf1 Ra2 36. h4 Rd2 37. Rxd2 Nxd2+ 38. Ke2 Ne4 39. Bf4 Kg4 40. f3+
Kxh4 41. Ne5 Nc3+ 42. Kd3 Bxf3 43. Kxc3 c6 44. Nxf3+ Kg4 45. Bxb8 Kxf3 46. Kd4
1-0

[Event "LGA Premium Cup"]
[Site "schach.lga.de"]
[Date "2004.09.11"]
[Round "2"]
[White "Zier, Oliver"]
[Black "Kretschmer, Wolfgang"]
[Result "0-1"]
[WhiteElo "1444"]
[BlackElo "1746"]
[PlyCount "62"]
[EventDate "2004.09.11"]
[SourceDate "2004.09.10"]

1. d4 Nf6 2. c4 g6 3. Nc3 d5 4. cxd5 Nxd5 5. e4 Nxc3 6. bxc3 Bg7 7. Bc4 c5 8.
Ne2 cxd4 9. cxd4 Nc6 10. Be3 Qa5+ 11. Bd2 Qd8 12. Bc3 O-O 13. O-O e6 14. Qd3
Na5 15. Bb3 a6 16. Bc4 Nxc4 17. Qxc4 b6 18. Qc6 Rb8 19. Bb4 Bb7 20. Qc2 Re8 21.
Rfd1 Rc8 22. Qd3 Rc4 23. Rab1 Qa8 24. d5 Rd8 25. Ba3 Rd7 26. Rd2 exd5 27. Nf4
d4 28. Rb4 Bxe4 29. Qe2 d3 30. Nxd3 Bxd3 31. Rxd3 Rc1+ 0-1

[Event "LGA Premium Cup"]
[Site "schach.lga.de"]
[Date "2004.09.11"]
[Round "2"]
[White "Schäfer, Erich"]
[Black "Babichev, Vyacheslav"]
[Result "0-1"]
[WhiteElo "1440"]
[BlackElo "1716"]
[PlyCount "66"]
[EventDate "2004.09.11"]
[SourceDate "2004.09.10"]

1. g3 g6 2. Bg2 Bg7 3. d3 Nf6 4. Nf3 O-O 5. Nbd2 d5 6. O-O Nc6 7. c4 d4 8. Rb1
a5 9. a3 Rb8 10. b4 Ng4 11. b5 Nce5 12. h3 Nxf3+ 13. exf3 Ne5 14. Ne4 b6 15. f4
Nd7 16. h4 Bb7 17. f5 gxf5 18. Ng5 Bxg2 19. Kxg2 h6 20. Rh1 hxg5 21. hxg5 Re8
22. Qh5 Nf8 23. Qh3 e6 24. g6 fxg6 25. Bh6 Qf6 26. Bxg7 Qxg7 27. Rh2 Qh7 28.
Rbh1 Qxh3+ 29. Rxh3 Kg7 30. Kf3 e5 31. g4 Kf6 32. gxf5 Kxf5 33. Re1 Ne6 0-1

[Event "LGA Premium Cup"]
[Site "schach.lga.de"]
[Date "2004.09.11"]
[Round "2"]
[White "Ebenhöch, Daniel"]
[Black "Kittler, Alexander"]
[Result "1-0"]
[WhiteElo "1721"]
[BlackElo "1271"]
[PlyCount "43"]
[EventDate "2004.09.11"]
[SourceDate "2004.09.10"]

1. e4 d5 2. exd5 Nf6 3. Nf3 Nxd5 4. d4 Bf5 5. c4 Nf6 6. Nc3 e6 7. Be2 Be7 8.
O-O O-O 9. Qb3 Qc8 10. h3 Nbd7 11. Re1 c5 12. Bf4 cxd4 13. Nxd4 Bg6 14. Bf3 Nc5
15. Qb5 a6 16. Qb6 Bd8 17. Qb4 Nd3 18. Qxb7 Qxb7 19. Bxb7 Rb8 20. Bxb8 Nxe1 21.
Rxe1 Bb6 22. Nc6 1-0

[Event "LGA Premium Cup"]
[Site "schach.lga.de"]
[Date "2004.09.11"]
[Round "2"]
[White "Koellner, Ulrich"]
[Black "Lingl, Xenia"]
[Result "1-0"]
[WhiteElo "1712"]
[BlackElo "1215"]
[PlyCount "92"]
[EventDate "2004.09.11"]
[SourceDate "2004.09.10"]

1. d4 d5 2. Nf3 Nc6 3. c4 e6 4. Nc3 Nf6 5. Bg5 Bb4 6. e3 h6 7. Bh4 O-O 8. a3
Bxc3+ 9. bxc3 Re8 10. Be2 b6 11. O-O Ba6 12. Qa4 Na5 13. Bxf6 Qxf6 14. Ne5 Bxc4
15. Bxc4 Nxc4 16. Nxc4 dxc4 17. Qxc4 Rac8 18. Qa6 Ra8 19. Rab1 Red8 20. Rb4 Rd5
21. Qb7 Qd8 22. Rc4 Rd7 23. Rc6 a5 24. c4 Qb8 25. Qxb8+ Rxb8 26. a4 Rb7 27. Rb1
Rd6 28. Rxd6 cxd6 29. c5 dxc5 30. dxc5 Rc7 31. cxb6 Rb7 32. Kf1 Kf8 33. Ke2 Ke7
34. Kd3 Kd6 35. Kc4 Kc6 36. f4 Rxb6 37. Rxb6+ Kxb6 38. e4 f5 39. exf5 exf5 40.
Kd5 g6 41. h4 h5 42. Kd6 Kb7 43. Ke6 Kc6 44. Kf6 Kc5 45. Kxg6 Kb4 46. Kxh5 Kxa4
1-0

[Event "LGA Premium Cup"]
[Site "schach.lga.de"]
[Date "2004.09.11"]
[Round "2"]
[White "Alsheimer, Patrick"]
[Black "Kordts, Florian"]
[Result "0-1"]
[WhiteElo "1394"]
[BlackElo "1698"]
[PlyCount "50"]
[EventDate "2004.09.11"]
[SourceDate "2004.09.10"]

1. e4 c5 2. Nf3 Nc6 3. d4 cxd4 4. Nxd4 g6 5. Bc4 Bg7 6. Be3 d6 7. Nc3 Nf6 8.
O-O O-O 9. Qe2 Nxe4 10. Nxe4 Nxd4 11. Bxd4 Bxd4 12. c3 Bg7 13. Bb3 Bf5 14. Ng3
Bd7 15. Rfe1 Bf6 16. Rad1 Qb6 17. Ne4 Be5 18. Ng5 h6 19. Nf3 Bf6 20. Nd2 h5 21.
Kh1 Bc6 22. Nc4 Qc5 23. Qe3 Qf5 24. Qd3 Qxf2 25. Re2 Bxg2# 0-1

[Event "LGA Premium Cup"]
[Site "schach.lga.de"]
[Date "2004.09.11"]
[Round "2"]
[White "Reuschl, Stefan"]
[Black "Stephan, Gilbert"]
[Result "1-0"]
[WhiteElo "1695"]
[BlackElo "1009"]
[PlyCount "31"]
[EventDate "2004.09.11"]
[SourceDate "2004.09.10"]

1. e4 e5 2. Nf3 Nc6 3. Bc4 Nf6 4. d4 Bd6 5. d5 Ne7 6. Qd3 a6 7. O-O h6 8. Bb3
c6 9. c4 b5 10. dxc6 dxc6 11. cxb5 cxb5 12. Re1 Nxe4 13. Qxe4 Nf5 14. Qxa8 Qd7
15. Nxe5 Qe6 16. Bxe6 1-0

[Event "LGA Premium Cup"]
[Site "schach.lga.de"]
[Date "2004.09.11"]
[Round "2"]
[White "Sha, Siyu"]
[Black "Stutz, Robrt"]
[Result "1-0"]
[WhiteElo "1279"]
[BlackElo "1686"]
[PlyCount "60"]
[EventDate "2004.09.11"]
[SourceDate "2004.09.10"]

1. e4 d6 2. d4 Nf6 3. Nc3 Nbd7 4. Be3 e5 5. Nf3 c6 6. Be2 Be7 7. O-O O-O 8. Qd2
b5 9. a3 Bb7 10. Qd3 exd4 11. Nxd4 Nc5 12. Qd1 Nfxe4 13. Nxe4 Nxe4 14. f3 Nf6
15. b4 Nd5 16. Bd2 Bf6 17. c3 Re8 18. Rc1 Qb6 19. Kh1 Bxd4 20. cxd4 Qxd4 21.
Re1 Re6 22. Qc2 Rae8 23. Bd3 g6 24. Rxe6 Rxe6 25. Bh6 Nf4 26. Bxb5 Re2 27. Bxe2
Nd5 28. Bb5 Qh4 29. Bxc6 Qxh6 30. Bxb7 Qg5 1-0

[Event "LGA Premium Cup"]
[Site "schach.lga.de"]
[Date "2004.09.11"]
[Round "2"]
[White "Obernöder, Thomas"]
[Black "Leis, Stefan"]
[Result "1-0"]
[WhiteElo "1660"]
[BlackElo "1067"]
[PlyCount "95"]
[EventDate "2004.09.11"]
[SourceDate "2004.09.10"]

1. d4 Nf6 2. c4 g6 3. Nc3 Bg7 4. e4 d6 5. f3 O-O 6. Be3 e5 7. d5 Nbd7 8. Qd2 a5
9. Bd3 c6 10. Nge2 Nc5 11. Bc2 Nfd7 12. O-O Nb6 13. b3 a4 14. Bxc5 dxc5 15. Qe3
cxd5 16. cxd5 Qd6 17. Nb5 Qd7 18. Qxc5 Ra5 19. Nec3 Na8 20. b4 b6 21. Qc4 Rxb5
22. Qxb5 Qxb5 23. Nxb5 Ba6 24. Bxa4 Nc7 25. Nxc7 Bxf1 26. Kxf1 Rc8 27. Rc1 Bf8
28. Bd7 Rb8 29. Nb5 Rb7 30. Rc7 Rxc7 31. Nxc7 Bxb4 32. Ke2 Kf8 33. Bb5 Ke7 34.
Bc6 Bc5 35. Kd3 f6 36. Kc4 g5 37. a4 Bf2 38. d6+ Kd8 39. Kd5 h5 40. Ke6 g4 41.
Kxf6 gxf3 42. gxf3 Be3 43. Kxe5 Bg1 44. h3 h4 45. Kf6 Bh2 46. e5 Bf4 47. e6
Bg5+ 48. Kxg5 1-0

[Event "LGA Premium Cup"]
[Site "schach.lga.de"]
[Date "2004.09.11"]
[Round "2"]
[White "Dreiseitel, Werner"]
[Black "Hestermann, Hans-Ludwig"]
[Result "0-1"]
[WhiteElo "1278"]
[BlackElo "1639"]
[PlyCount "72"]
[EventDate "2004.09.11"]
[SourceDate "2004.09.10"]

1. d4 d5 2. c4 e6 3. Nc3 Nf6 4. e3 Be7 5. Nf3 b6 6. Bd3 Bb7 7. O-O Nbd7 8. Qc2
O-O 9. cxd5 exd5 10. a3 c5 11. b4 cxb4 12. axb4 Bxb4 13. Ba3 Bxa3 14. Rxa3 a6
15. Rfa1 b5 16. Nxb5 axb5 17. Rxa8 Bxa8 18. Bxb5 Ne4 19. Rc1 Ndf6 20. Ne5 Bb7
21. f3 Nd6 22. Bd3 Bc8 23. Qb2 Bf5 24. Nc6 Qe8 25. Bxf5 Qxe3+ 26. Kf1 Nxf5 27.
Re1 Qd3+ 28. Kf2 h6 29. g4 Nh4 30. Re3 Qd1 31. Re1 Qxf3+ 32. Kg1 Qxg4+ 33. Kh1
Ne4 34. Rg1 Qf3+ 35. Rg2 Qf1+ 36. Rg1 Nf2+ 0-1

[Event "LGA Premium Cup"]
[Site "schach.lga.de"]
[Date "2004.09.11"]
[Round "2"]
[White "Müller, Georg"]
[Black "Wehner, Veit"]
[Result "0-1"]
[WhiteElo "1100"]
[BlackElo "1626"]
[PlyCount "58"]
[EventDate "2004.09.11"]
[SourceDate "2004.09.10"]

1. e4 c6 2. c4 d5 3. Nc3 dxe4 4. Nxe4 Nf6 5. Nxf6+ gxf6 6. d4 Qc7 7. Nf3 Bg4 8.
Be2 Rg8 9. Qd3 Qa5+ 10. Bd2 Qh5 11. h3 e6 12. O-O-O Bf5 13. Qb3 Nd7 14. g4 Qg6
15. gxf5 Qxf5 16. Qxb7 Rb8 17. Qxc6 Ba3 18. Bc3 Ke7 19. Bd3 Qf4+ 20. Kb1 Rb6
21. Qe4 Qb8 22. b3 a5 23. Bxa5 Rxb3+ 24. Ka1 Bb2+ 25. Kb1 Ba3+ 26. Kc2 Rb2+ 27.
Kc3 Qa7 28. d5 Qxa5+ 29. Kd4 Bc5# 0-1

[Event "LGA Premium Cup"]
[Site "schach.lga.de"]
[Date "2004.09.11"]
[Round "2"]
[White "Schäfer, Ann-Kathrin"]
[Black "Deinlein, Albert"]
[Result "0-1"]
[WhiteElo "1010"]
[BlackElo "1621"]
[PlyCount "66"]
[EventDate "2004.09.11"]
[SourceDate "2004.09.10"]

1. e4 c5 2. Nf3 Nc6 3. g3 d6 4. Bg2 Nf6 5. d3 e5 6. Nbd2 b5 7. O-O Be7 8. Re1
O-O 9. Nf1 a5 10. h3 h6 11. Bd2 Be6 12. a4 b4 13. c3 Qd7 14. Kh2 Rfc8 15. Ne3
Rab8 16. cxb4 Nxb4 17. Nc4 Nxd3 18. Bxa5 Bxc4 19. Re3 Nxf2 20. Qd2 N6g4+ 21.
Kg1 Nxe3 22. Kxf2 Nxg2 23. Kxg2 Rb7 24. b4 Be6 25. Ng1 Bg5 26. Qe2 cxb4 27. Rb1
Qxa4 28. Qa6 Qc2+ 29. Ne2 Qxe4+ 30. Kf2 Be3+ 31. Kf1 Bc4 32. Qxb7 Qxb7 33. Rxb4
Qh1# 0-1

[Event "LGA Premium Cup"]
[Site "schach.lga.de"]
[Date "2004.09.11"]
[Round "2"]
[White "Hennch, Thomas"]
[Black "Anders, Maik"]
[Result "0-1"]
[WhiteElo "794"]
[BlackElo "1603"]
[PlyCount "82"]
[EventDate "2004.09.11"]
[SourceDate "2004.09.10"]

1. e4 d6 2. Nf3 Nf6 3. Nc3 g6 4. d4 Bg7 5. Bg5 Nbd7 6. Bb5 a6 7. Ba4 b5 8. Bb3
c5 9. Bd5 Nxd5 10. Nxd5 f6 11. Bh4 Bb7 12. Qe2 O-O 13. O-O Rc8 14. c4 cxd4 15.
cxb5 Bxd5 16. exd5 axb5 17. Nxd4 Rf7 18. Nc6 Qe8 19. Rfe1 Ne5 20. f4 Nxc6 21.
dxc6 Qxc6 22. Rac1 Qb6+ 23. Bf2 Qb7 24. Rxc8+ Qxc8 25. Qxb5 f5 26. Qb3 Bf6 27.
h3 Kg7 28. g4 fxg4 29. Re3 gxh3 30. Rxh3 Qc1+ 31. Kg2 Qxf4 32. Be3 Qe4+ 33. Kf1
Qf5+ 34. Kg2 Qg4+ 35. Rg3 Qe2+ 36. Kg1 Rf8 37. Rg2 Qe1+ 38. Kh2 Be5+ 39. Kh3
Qh1+ 40. Rh2 Qxh2+ 41. Kg4 Qg3# 0-1